Ohio State Football Opponents Since 2000 - Statistics

General Stats
  • This quiz has been taken 603 times
    518 since last reset
  • The average score is 43 of 71
Answer Stats
Times Played Answer % Correct
23 Michigan
99%
20 Michigan St
94%
24 Penn St
94%
2 Alabama
92%
21 Indiana
92%
3 Oregon
91%
10 Iowa
90%
15 Purdue
88%
3 Texas
88%
15 Illinois
86%
19 Wisconsin
86%
8 Nebraska
85%
1 Georgia
84%
9 Maryland
84%
2 Florida
83%
14 Minnesota
83%
10 Rutgers
83%
3 Washington
83%
3 Miami (FL)
82%
4 Miami (OH)
82%
14 Northwestern
82%
3 Southern California
81%
4 Notre Dame
79%
4 Clemson
78%
1 UCLA
78%
2 Oklahoma
77%
4 Akron
74%
2 Ohio
69%
1 LSU
68%
3 Toledo
68%
5 Cincinnati
61%
1 Missouri
60%
1 Utah
59%
3 Bowling Green
57%
2 Virginia Tech
57%
1 Oregon St
56%
1 Texas Tech
56%
1 Western Michigan
56%
1 Arizona
53%
1 Arkansas
53%
2 California
53%
1 Oklahoma St
53%
1 Texas Christian
53%
1 Washington St
53%
1 Eastern Michigan
51%
1 Kansas St
51%
3 Kent St
51%
1 Colorado
49%
2 South Carolina
49%
1 Army
47%
2 Navy
47%
2 Marshall
43%
1 Buffalo
42%
2 North Carolina St
39%
1 UNLV
38%
3 Youngstown St
38%
1 Central Florida
37%
2 Northern Illinois
35%
1 Tulane
35%
2 Tulsa
35%
1 Florida Atlantic
34%
1 Western Kentucky
34%
1 Hawaii
33%
1 New Mexico St
31%
1 Arkansas St
30%
4 San Diego St
29%
1 Fresno St
27%
1 San Jose St
26%
1 Troy
24%
1 UAB
24%
1 Florida AM
13%
No matching quizzes found
Score Distribution
Percent of People with Each Score
Percentile by Number Answered
Your Score History
You have not taken this quiz since the last reset